5HLuxD.jpg

KING HENRY VIII SENIOR AND PRIMARY SCHOOL LIBRARY OPAC

Jackie Robinson : (Record no. 447)

000 -LEADER
fixed length control field 01314cam a22003014a 4500
001 - CONTROL NUMBER
control field 15773791
003 - CONTROL NUMBER IDENTIFIER
control field OSt
005 - DATE AND TIME OF LATEST TRANSACTION
control field 20190815084812.0
008 - FIXED-LENGTH DATA ELEMENTS--GENERAL INFORMATION
fixed length control field 090612s2010 nyua j b 001 0beng
010 ## - LIBRARY OF CONGRESS CONTROL NUMBER
LC control number 2009024219
020 ## - INTERNATIONAL STANDARD BOOK NUMBER
International Standard Book Number 9781402763625 (pbk.)
040 ## - CATALOGING SOURCE
Original cataloging agency DLC
Transcribing agency DLC
Modifying agency DLC
043 ## - GEOGRAPHIC AREA CODE
Geographic area code n-us---
082 00 - DEWEY DECIMAL CLASSIFICATION NUMBER
Classification number 921 TEI
Edition number 22
100 1# - MAIN ENTRY--PERSONAL NAME
Personal name Teitelbaum, Michael.
Relator term author
245 10 - TITLE STATEMENT
Title Jackie Robinson :
Remainder of title champion for equality /
Statement of responsibility, etc. Michael Teitelbaum.
260 ## - PUBLICATION, DISTRIBUTION, ETC.
Place of publication, distribution, etc. New York :
Name of publisher, distributor, etc. Sterling,
Date of publication, distribution, etc. c2010.
300 ## - PHYSICAL DESCRIPTION
Extent 124 p. :
Other physical details ill. ;
Dimensions 19 cm.
490 0# - SERIES STATEMENT
Series statement Sterling biographies
504 ## - BIBLIOGRAPHY, ETC. NOTE
Bibliography, etc. note Includes bibliographical references and index.
505 0# - FORMATTED CONTENTS NOTE
Formatted contents note Introduction : stealing home -- Humble beginnings -- A college star -- In the Army -- A fateful meeting -- The Montreal Royals -- The first season -- Most valuable player -- Champions at last -- Endings and beginnings -- Life after baseball -- The final years.
600 10 - SUBJECT ADDED ENTRY--PERSONAL NAME
Personal name Robinson, Jackie,
Dates associated with a name 1919-1972
Form subdivision Juvenile literature.
650 #0 - SUBJECT ADDED ENTRY--TOPICAL TERM
Topical term or geographic name entry element Baseball players
Geographic subdivision United States
Form subdivision Biography
-- Juvenile literature.
650 #0 - SUBJECT ADDED ENTRY--TOPICAL TERM
Topical term or geographic name entry element African American baseball players
Form subdivision Biography
-- Juvenile literature.
906 ## - LOCAL DATA ELEMENT F, LDF (RLIN)
a 7
b cbc
c orignew
d 1
e ecip
f 20
g y-gencatlg
942 ## - ADDED ENTRY ELEMENTS (KOHA)
Source of classification or shelving scheme
Koha item type Books - Non Ficton
Holdings
Withdrawn status Lost status Source of classification or shelving scheme Damaged status Not for loan Collection code Permanent Location Current Location Shelving location Date acquired Full call number Barcode Date last seen Price effective from Koha item type
          Non-Fiction KH8 Senior School Library KH8 Senior School Library Non Fiction 2019-08-15 921 TEI 3KHSL000101086 2019-08-15 2019-08-15 Books - Non Ficton

Powered By KH8 IT Dept